Ensayos sobre diseño : diseñadores influyentes de la AGI /

Gorde:
Xehetasun bibliografikoak
Formatua: Liburua
Hizkuntza:gaztelania
Argitaratua: Buenos Aires, Argentina : Infinito, 2001, c2001
Gaiak:
Etiketak: Etiketa erantsi
Etiketarik gabe, Izan zaitez lehena erregistro honi etiketa jartzen!

MARC

LEADER 00000nam^a2200000^a^4500
001 000136372
005 20250521000000.0
009 20260310095315.803
020 |a 987-9393-07-4 
037 |a Acervo ITESO - Biblioteca 
041 |a ESP 
082 |a 741. 601  |b ENS 
245 1 0 |a Ensayos sobre diseño :  |b diseñadores influyentes de la AGI /  |c Introd. de David Gibbs ; tr. por Magdalena Senestrari. 
264 4 |a Buenos Aires, Argentina :  |b Infinito,  |c 2001, c2001 
300 |a 193 p. 
336 |a texto  |b txt  |2 rdacontenido 
337 |a sin mediación  |b n  |2 rdamedio 
338 |a volumen  |b nc  |2 rdasoporte 
500 |a Traducción de: Essays on Design 
649 |a XX 
650 |a Comunicación Visual -  |x Teoría 
650 |a Consumidores -  |x Condiciones Sociales y Culturales 
650 |a Publicidad 
650 |a Relaciones Públicas 
650 |a Mercadotecnia 
650 |a Arte 
650 |a Arquitectura 
650 |a Diseño Gráfico -  |x Historia y Crítica 
650 |a Diseño Gráfico -  |x Teoría 
910 |a Fondo General 
920 |a Impresos - Libros 
930 |a Colección General 
905 |a 101 
901 |a 0500065168  |b IT1  |c ACC  |u 20250521 
902 |a https://opac.biblio.iteso.mx/vufind/Record/000136372